000 00278nam a2200109Ia 4500
008 190216s9999||||xx |||||||||||||| ||und||
100 _aVishwanath Iyer M E
245 0 _aHindi-Vyaparik Aur Prashasnik Pathr Vyavahar
260 _bNbs Kottayam
650 _aCommerce
942 _cBK
999 _c25456
_d25456